000 00654nam a22001937a 4500
005 20240219123102.0
010 _aENG-139358
020 _c1,105.00/-
_a978-93-86235-71-8
035 _aEN-122890
037 _bDBAD/PUB
082 _a540
100 _aJ Elias , Anil
_962256
245 _aThe Chemistry of the P- Block Elements ;
_cBy Anil J Elias
_bSyntheses, Reactions And Applications/
260 _aHyderabad
_bUniversities Press (India) Private Limited
_c2019
270 _a3-6-747/`1/A& 3-6-754/1, Himayatnagar , Hyderabad 500029 , Telagana
300 _a624p.
_c24cm(pb)
700 _962253
942 _2ddc
_cEN
_mCHE
_h540
999 _c200895
_d200895